Introduction to scientology ethics / (Record no. 166)

MARC details
000 -LEADER
fixed length control field 01480cam a2200337 a 4500
001 - CONTROL NUMBER
control field 15207130
003 - CONTROL NUMBER IDENTIFIER
control field OSt
005 - DATE AND TIME OF LATEST TRANSACTION
control field 20230602141043.0
008 - FIXED-LENGTH DATA ELEMENTS--GENERAL INFORMATION
fixed length control field 080305s2007 caua 001 0 eng d
010 ## - LIBRARY OF CONGRESS CONTROL NUMBER
LC control number 2008297416
020 ## - INTERNATIONAL STANDARD BOOK NUMBER
International Standard Book Number 9781403144904
020 ## - INTERNATIONAL STANDARD BOOK NUMBER
International Standard Book Number 1403144907
035 ## - SYSTEM CONTROL NUMBER
System control number (OCoLC)ocn186519245
040 ## - CATALOGING SOURCE
Original cataloging agency CLZ
Transcribing agency CLZ
Modifying agency DPL
-- YBM
-- DLC
042 ## - AUTHENTICATION CODE
Authentication code lccopycat
050 00 - LIBRARY OF CONGRESS CALL NUMBER
Classification number BP605.S2
Item number H8 2007
082 04 - DEWEY DECIMAL CLASSIFICATION NUMBER
Classification number 299/.936
Edition number 22
100 1# - MAIN ENTRY--PERSONAL NAME
Personal name Hubbard, L. Ron
Fuller form of name (La Fayette Ron),
Dates associated with a name 1911-1986.
245 10 - TITLE STATEMENT
Title Introduction to scientology ethics /
Statement of responsibility, etc. L. Ron Hubbard.
250 ## - EDITION STATEMENT
Edition statement [New ed.].
260 ## - PUBLICATION, DISTRIBUTION, ETC. (IMPRINT)
Place of publication, distribution, etc. Los Angeles, Calif. :
Name of publisher, distributor, etc. Bridge Publications, Inc.,
Date of publication, distribution, etc. c2007.
300 ## - PHYSICAL DESCRIPTION
Extent vii, 513 p. :
Other physical details ill. ;
Dimensions 25 cm.
500 ## - GENERAL NOTE
General note "A Hubbard publication".
504 ## - BIBLIOGRAPHY, ETC. NOTE
Bibliography, etc Includes Index.
505 0# - FORMATTED CONTENTS NOTE
Formatted contents note The basics of ethics -- Ethics, justice, and the dynamics -- Honesty -- Statistics and the conditions of existence -- The conditions formulas -- Condition formulas, application, and remedies -- An essay on power -- The basics of suppression -- Ethics in Scientology organizations -- Ethics reports -- The third party -- The Sientology justice codes and their application -- Scientology justice procedures -- Conduct of justice and forms of redress.
650 #0 - SUBJECT ADDED ENTRY--TOPICAL TERM
Topical term or geographic name as entry element Scientology.
650 #0 - SUBJECT ADDED ENTRY--TOPICAL TERM
Topical term or geographic name as entry element Religious ethics.
906 ## - LOCAL DATA ELEMENT F, LDF (RLIN)
a 7
b cbc
c copycat
d 2
e ncip
f 20
g y-gencatlg
942 ## - ADDED ENTRY ELEMENTS (KOHA)
Source of classification or shelving scheme Dewey Decimal Classification
Koha item type Books
Holdings
Withdrawn status Lost status Source of classification or shelving scheme Damaged status Not for loan Home library Current library Date acquired Total Checkouts Full call number Barcode Date last seen Price effective from Koha item type
    Dewey Decimal Classification     Bunge Tower Library Bunge Tower Library 06/02/2023   299.93622 HUB 10014677 06/02/2023 06/02/2023 Books
LIBRARY OPENING HOURS

When the Parliament is sitting: 8.00a.m - 7.00p.m or until the house adjourns
Mondays and Fridays and when the House is on Recess:  8.00a.m - 5.00p.m
Closed on Weekends and Public Holidays

Online Public Access Catalog (OPAC)
Website: http://www.parliament.go.ke
Bunge Library: https://libraryir.parliament.go.ke
Contact: library@parliament.go.ke | Tel no: (254-2)2221291 or 2848000 Ext 5043